| 000 | 00509nam a2200181 a 4500 | ||
|---|---|---|---|
| 005 | 20140310183202.0 | ||
| 008 | 021220s19uu xx 00 eng d | ||
| 020 | _a9780006923503 | ||
| 050 |
_aPZ 7 _b.K23N51 1986 |
||
| 100 | _aKeene, Carolyn | ||
| 245 |
_aNancy Drew : _bthe triple hoax / _cCarolyn Keene. |
||
| 260 |
_aGreat Britain : _bWilliam Collins Sons & Co. Ltd, _c1986. |
||
| 300 |
_a184 p. : _c18 cm. |
||
| 440 | _aNancy Drew | ||
| 650 |
_aMystery _xFiction |
||
| 942 |
_cBK _2lcc |
||
| 999 |
_c19883 _d19883 |
||